000
00329nam a22001457a 4500
008
210519b ||||| |||| 00| 0 eng d
020
_a
9780023133718
041
_a
eng
080
_2
11th
_a
574
082
_a
574
100
_a
9
101
_a
MJE
245
_a
The Nature and Properties of Soils
_c
Brady,N.C
942
_2
udc
_c
BK
999
_c
57511
_d
57511